000 00338nam a2200133Ia 4500
008 230312s9999||||xx |||||||||||||| ||und||
020 _a978-0470185285
082 _a690.0285
_bEAS-B
100 _aEastman;Chuck
245 0 _aBIM Handbook:Guide to Building Information Modeling
260 _c2008
650 _aArchitecture
942 _cBK
999 _c14460
_d14460